WILLIAMS TEXT BOOK OF ENDOCRINOLOGY / (Record no. 796675)

MARC details
000 -LEADER
fixed length control field 00555pam a2200205 a 4500
020 ## - INTERNATIONAL STANDARD BOOK NUMBER
International Standard Book Number 978072169184
Terms of availability 5788.80
041 ## - LANGUAGE CODE
Language code of text/sound track or separate title eng
Language code of original NULL
082 ## - DEWEY DECIMAL CLASSIFICATION NUMBER
Classification number 616.4
Item number LAR/KOO
100 ## - MAIN ENTRY--PERSONAL NAME
Personal name LARSEN, P .
245 ## - TITLE STATEMENT
Title WILLIAMS TEXT BOOK OF ENDOCRINOLOGY /
Statement of responsibility, etc. NULL.
Medium Textual Documents
250 ## - EDITION STATEMENT
Edition statement 10 ED /
Remainder of edition statement .
260 ## - PUBLICATION, DISTRIBUTION, ETC.
Place of publication, distribution, etc. NULL :
Name of publisher, distributor, etc. SAUNDERS ,
Date of publication, distribution, etc. 2002.
300 ## - PHYSICAL DESCRIPTION
Extent 1927 : :
Other physical details XXI ; ;
Dimensions A4 . +
Accompanying material HB.
365 ## - TRADE PRICE
Price type code 5788.80
Price note 1
650 ## - SUBJECT ADDED ENTRY--TOPICAL TERM
Topical term or geographic name entry element GEN.MEDICINE
700 ## - ADDED ENTRY--PERSONAL NAME
Personal name KOONENBERY, H .
-- MELMED, S .
907 ## - LOCAL DATA ELEMENT G, LDG (RLIN)
a 5350
930 ## - EQUIVALENCE OR CROSS-REFERENCE-UNIFORM TITLE HEADING [LOCAL, CANADA]
Uniform title 2139
Holdings
Withdrawn status Lost status Damaged status Not for loan Collection Home library Current library Date acquired Source of acquisition Cost, normal purchase price Total Checkouts Full call number Barcode Date last seen Copy number Price effective from Koha item type
          Medical College & Hospital, Sangli Medical College & Hospital, Sangli 22/09/2007 B.M.S.G.B.PUNE 5788.80   616.4 LAR/KOO MCS-5350 26/07/2023 2 26/07/2023 Book
          Medical College & Hospital, Sangli Medical College & Hospital, Sangli 22/09/2007 B.M.S.G.B.PUNE 5788.80   616.4 LAR/KOO MCS-5349 26/07/2023 1 26/07/2023 Book